| 000 | 00352nam a22001451a 4500 | ||
|---|---|---|---|
| 082 |
_aM2 _bRAM/T |
||
| 100 | _aRamachandran Mokeri | ||
| 245 |
_aThendikkoothu/ _cby Ramachandran Mokeri |
||
| 260 |
_aCalicut: _bPappiyon, _c2003. |
||
| 300 | _a150p. | ||
| 650 | _aDrama Malayalam | ||
| 650 | _aLiterature Malayalam | ||
| 650 | _aLiterature | ||
| 942 | _cBK | ||
| 999 |
_c46715 _d46715 |
||